000 01304nam0a22002891 4500
001 rc\2962370
005 20260528165057.0
035 _a(NLR Aleph) 007108963
090 _a6747981
_c6747981
100 _a20110903d1937 |||y0rusy50 ca
101 1 _arus
_ceng
102 _aRU
105 _aa z |||||
200 1 _aЭлектронные лампы и их применение
_fЭ.В. Эппльтон
_gПер. с англ. инж. К.Э. Виллер под ред. проф. С.Э. Хайкина
210 _aМосква
_cРадиоиздат
_d1937
_g1 журн. тип. Онти
215 _aОбл., 95 с.
_cчерт.
_d21х15 см
300 _aДоб. тит. л.: "Thermionic vakuum tubes and their applications. By E.V. Appleton, M.A., d. sc., F.R.S. Wheatstone prof. of physics, King's college. London. With 68 diagr. Methuen and Co, Lmtd. London"
513 0 0 _aThermionic vakuum tubes and their applications
_zeng
700 1 _aЭплтон
_bЭ. В.
_f1892-1965
_gЭдвард Виктор
702 1 _aВиллер
_bК. Э.
_4730
702 1 _aХайкин
_bС. Э.
_f1901-1968
_gСемен Эммануилович
_3RU\NLR\AUTH\7776737
_4340
801 0 _aRU
_bNLR
_gpsbo
801 1 _aRU
_bELAR
_2rusmarc
852 _aNLR
_j37-10/1093
942 _cBOOK
980 _aNB